|
|
|
|
| LEADER |
00700nab a2200193 i 4500 |
| 001 |
acta21803 |
| 005 |
20210526160431.0 |
| 008 |
161015s1973 hu o 0|| eng d |
| 022 |
|
|
|a 0563-0592
|
| 040 |
|
|
|a SZTE Egyetemi Kiadványok Repozitórium
|b hun
|
| 041 |
|
|
|a eng
|
| 100 |
1 |
|
|a Csoknya Mária
|
| 245 |
1 |
0 |
|a Anatomical and histological observations on the tracheal gill of Palingenia longicauda OLIV (Ephemeroptera)
|h [elektronikus dokumentum] /
|c Csoknya Mária
|
| 260 |
|
|
|c 1973
|
| 300 |
|
|
|a 117-123
|
| 490 |
0 |
|
|a Acta biologica
|v 19 No. 1-4
|
| 695 |
|
|
|a Természettudomány
|
| 700 |
0 |
1 |
|a Halász Norbert
|e aut
|
| 856 |
4 |
0 |
|u http://acta.bibl.u-szeged.hu/21803/1/biologica_019_117-123.pdf
|z Dokumentum-elérés
|